000 00702nam a22002417a 4500
001 001122
003 DO-SdBNP
005 20171212113849.0
007 001122
008 160811b 2008 mx||||| |||| 00| 0 spa d
020 _a9788496867284
040 _aBPMSU
_bspa
_cBPMSU
092 _axxxxxxx
_bxxxxxxx
100 1 _aGaddis, William,
_d1922-
245 1 _aÁgape se paga /
_cWilliam Gaddis ; traducción Miguel Martínez-Lage ; prólogo Rodrigo Fresán ;
490 1 _asextopiso
700 1 _aMartínez-Lage, Miguel,
_etr.
700 1 _aFresán, Rodrigo,
_epról.
830 0 _asextopiso
942 _2ddc
_cBK
945 _ainventariado extranjero / DG
956 _aBTAVÁREZ
_b10
_c20161108
_d001122
999 _c11150
_d11150